MARC details
| 000 -LEADER |
| fixed length control field |
02166cam a2200385 4500 |
| 001 - CONTROL NUMBER |
| control field |
ABS66399 |
| 008 - FIXED-LENGTH DATA ELEMENTS--GENERAL INFORMATION |
| fixed length control field |
030205n2002 000 0 eng u |
| 035 ## - SYSTEM CONTROL NUMBER |
| System control number |
(Sirsi) u121251 |
| 100 ## - MAIN ENTRY--PERSONAL NAME |
| Personal name |
Taylor, D. |
| 245 ## - TITLE STATEMENT |
| Title |
Waste: the dirty definition |
| 260 ## - PUBLICATION, DISTRIBUTION, ETC. |
| Date of publication, distribution, etc. |
2002 |
| 490 ## - SERIES STATEMENT |
| Series statement |
Scottish Planning and Environmental Law |
| Volume/sequential designation |
(94) December 2002, 136-139(4) |
| 520 ## - SUMMARY, ETC. |
| Summary, etc. |
Poses the question 'What is waste?' and examines how waste is defined in environmental legislation, government guidance and case law. Stresses that the definition of waste is key to all waste management issues, although its interpretation in UK environmental law is complex and continues to change. Looks at how waste is defined in European and UK legislation with reference to the Directive on Waste 91/156/EEC, the Environmental Protection Act 1990 and the Waste Management Regulations 1994. Outlines the definition of waste in the main government guidance, the DoE Circular 11/94 and the Scottish Office Circular 10/94, and summarises key case law from the ECJ and English courts. Concludes that the definition of waste is not clear and that guidance should be revised to resolve this. Case law. |
| 590 ## - LOCAL NOTE (RLIN) |
| Local note |
ABS |
| 650 ## - SUBJECT ADDED ENTRY--TOPICAL TERM |
| Topical term or geographic name entry element |
SCOTLAND |
| 650 ## - SUBJECT ADDED ENTRY--TOPICAL TERM |
| Topical term or geographic name entry element |
MAYER PARRY RECYCLING LTD V ENVIRONMENT AGENCY |
| 650 ## - SUBJECT ADDED ENTRY--TOPICAL TERM |
| Topical term or geographic name entry element |
EC DIRECTIVES |
| 650 ## - SUBJECT ADDED ENTRY--TOPICAL TERM |
| Topical term or geographic name entry element |
WASTE |
| 650 ## - SUBJECT ADDED ENTRY--TOPICAL TERM |
| Topical term or geographic name entry element |
EUROPEAN COURT OF JUSTICE |
| 650 ## - SUBJECT ADDED ENTRY--TOPICAL TERM |
| Topical term or geographic name entry element |
ENVIRONMENTAL PROTECTION ACT 1990 |
| 650 ## - SUBJECT ADDED ENTRY--TOPICAL TERM |
| Topical term or geographic name entry element |
WASTE MANAGEMENT LICENSING REGULATIONS 1994 |
| 650 ## - SUBJECT ADDED ENTRY--TOPICAL TERM |
| Topical term or geographic name entry element |
DEFINITION OF WASTE |
| 650 ## - SUBJECT ADDED ENTRY--TOPICAL TERM |
| Topical term or geographic name entry element |
CASTLE CEMENT V ENVIRONMENT AGENCY |
| 650 ## - SUBJECT ADDED ENTRY--TOPICAL TERM |
| Topical term or geographic name entry element |
ATTORNEY GENERAL'S REFERENCE NO 5 OF 2000 |
| 650 ## - SUBJECT ADDED ENTRY--TOPICAL TERM |
| Topical term or geographic name entry element |
DIRECTIVE 91/156/EEC |
| 650 ## - SUBJECT ADDED ENTRY--TOPICAL TERM |
| Topical term or geographic name entry element |
DOE CIRCULAR 11/1994 |
| 650 ## - SUBJECT ADDED ENTRY--TOPICAL TERM |
| Topical term or geographic name entry element |
SCOTTISH OFFICE CIRCULAR 10/94 |
| 650 ## - SUBJECT ADDED ENTRY--TOPICAL TERM |
| Topical term or geographic name entry element |
CRIMINAL PROCEEDINGS AGAINST EURO TEOBESI AND OTHERS |
| 650 ## - SUBJECT ADDED ENTRY--TOPICAL TERM |
| Topical term or geographic name entry element |
CRIMINAL PROCEEDINGS AGAINST VESSOSO AND ZANETTI |
| 650 ## - SUBJECT ADDED ENTRY--TOPICAL TERM |
| Topical term or geographic name entry element |
INTER ENVIRONMENT WALLONIE ASBL V REGION WALLONE |
| 650 ## - SUBJECT ADDED ENTRY--TOPICAL TERM |
| Topical term or geographic name entry element |
MAYER PARRY RECYCLING LTD V ENVIRONMENT AGENCY |
| 650 ## - SUBJECT ADDED ENTRY--TOPICAL TERM |
| Topical term or geographic name entry element |
ARCO CHEMIE NEDERLAND LTD V MINSTER VAN VOLKSHUISVESTING, RUIMTELIJKE ORDENING EN MILIEUHEBER |
| 690 ## - LOCAL SUBJECT ADDED ENTRY--TOPICAL TERM (OCLC, RLIN) |
| Topical term or geographic name as entry element |
WASTE MANAGEMENT-CASE LAW |
| 942 ## - ADDED ENTRY ELEMENTS (KOHA) |
| Suppress in OPAC |
0 |